Żużel - Mistrzowie Pucharu Polski na żużlu - Statystyki

Ogólne statystyki
  • Ten quiz został rozwiązany 19 razy
  • Średni wynik to 9 z 11
Statystyki odpowiedzi
Rok Drużyna % Poprawnych
1978 Unia Leszno
100%
1979 Unia Leszno
100%
1980 Unia Leszno
100%
1995 WTS Wrocław
93%
1993 Apator Toruń
86%
1996 Apator Toruń
86%
1997 Apator Toruń
86%
1998 Apator Toruń
86%
1992 Morawski Zielona Góra
79%
1994 Włókniarz Częstochowa
71%
1999 Wybrzeże Gdańsk
50%
Nie znaleziono quizów pasujących do podanych kryteriów
Rozkład punktacji
Procent ludzi z każdym wynikiem
Percentyl według liczby udzielonych odpowiedzi
Twoja historia wyników
Nie rozwiązałeś tego quizu